000 00287nam a22001337a 4500
008 170612b xxu||||| |||| 00| 0 eng d
020 _a0275959449
041 _aeng
080 _a32
100 _a19
101 _aSHP
245 _aTHE UNITED NATIONS
_cGLASSNER, M.I
942 _2udc
_cBK
999 _c16905
_d16905